Optics (Record no. 6490)

MARC details
000 -LEADER
fixed length control field 00645 a2200205 4500
020 ## - INTERNATIONAL STANDARD BOOK NUMBER
International Standard Book Number 0070585830
Terms of availability 299.00
035 ## - SYSTEM CONTROL NUMBER
System control number B-212178
037 ## - SOURCE OF ACQUISITION
Source of stock number/acquisition RP-ZLS-2808 / PANSY-07-08:12 / RP-07-08:ENG
082 14 - DEWEY DECIMAL CLASSIFICATION NUMBER
Classification number 535
090 ## - LOCALLY ASSIGNED LC-TYPE CALL NUMBER (OCLC); LOCAL CALL NUMBER (OCLC)
-- 6604
-- 6604
100 1# - MAIN ENTRY--PERSONAL NAME
Personal name Ghatak, Ajoy
245 1# - TITLE STATEMENT
Title Optics
Statement of responsibility, etc by Ajoy Ghatak
250 ## - EDITION STATEMENT
Edition statement 3rd ed.
260 ## - PUBLICATION, DISTRIBUTION, ETC. (IMPRINT)
Place of publication, distribution, etc New Delhi
Name of publisher, distributor, etc Tata McGraw Hill Publishing
Date of publication, distribution, etc 2007r
270 ## - ADDRESS
Address 7 West Patel Nagar,
City New Delhi
Postal code 110 008
300 ## - PHYSICAL DESCRIPTION
Extent Various pagings
Dimensions 28 cm. (Pbk.)
500 ## - GENERAL NOTE
General note Includes index
942 ## - ADDED ENTRY ELEMENTS (KOHA)
Institution code [OBSOLETE] dpl
Koha item type English Books
Call number prefix 535 / GHA
Holdings
Withdrawn status Lost status Source of classification or shelving scheme Damaged status Not for loan Collection code Home library Current library Cost, normal purchase price Total Checkouts Full call number Barcode Date last seen Copy number Uniform Resource Identifier Cost, replacement price Price effective from Koha item type
    Dewey Decimal Classification     Non-fiction Sarojini Nagar Sarojini Nagar 299.00   535 GHA B-212178 15/09/2008 1 8230 299.00 15/09/2008 English Books

© Delhi Public Library
Hit Counter
free hit counter